Northanger abbey / (Record no. 154048)

MARC details
000 -LEADER
fixed length control field 00497nam a22001937a 4500
005 - DATE AND TIME OF LATEST TRANSACTION
control field 20180714151146.0
008 - FIXED-LENGTH DATA ELEMENTS--GENERAL INFORMATION
fixed length control field 180714b xxu||||| |||| 00| 0 eng d
010 ## - LCCN (DPL NO)
LC control number A-780882
020 ## - INTERNATIONAL STANDARD BOOK NUMBER
International Standard Book Number 185326847X
035 ## - SYSTEM CONTROL NUMBER
System control number A-780882
037 ## - SOURCE OF ACQUISITION
Source of stock number/acquisition DBAD / PUB
040 ## - CATALOGING SOURCE
Original cataloging agency dpl
Language of cataloging English
082 ## - DEWEY DECIMAL CLASSIFICATION NUMBER
Classification number N
100 ## - MAIN ENTRY--PERSONAL NAME
Personal name Austen, Jane
245 ## - TITLE STATEMENT
Title Northanger abbey /
Statement of responsibility, etc by Jane Austen
260 ## - PUBLICATION, DISTRIBUTION, ETC. (IMPRINT)
Place of publication, distribution, etc Delhi
Name of publisher, distributor, etc Wordsworth Classic
Date of publication, distribution, etc 1995
300 ## - PHYSICAL DESCRIPTION
Extent 181p.
Other physical details ill.
Dimensions 22cm(Hb)
942 ## - ADDED ENTRY ELEMENTS (KOHA)
Source of classification or shelving scheme Dewey Decimal Classification
Item type Children Books
Classification part N
Call number suffix AUS
Holdings
Withdrawn status Lost status Source of classification or shelving scheme Damaged status Not for loan Collection code Home library Current library Date acquired Source of acquisition Cost, normal purchase price Total Checkouts Total Renewals Full call number Barcode Date last seen Cost, replacement price Koha item type Copy number
    Dewey Decimal Classification     Fiction Mobile Library Mobile Library 17/07/2020 BPPD       N AUS B-780866 17/07/2020   Children Books 1
    Dewey Decimal Classification     Fiction Shahdara Branch Shahdara Branch 14/07/2018 BPPD/PUB 0.00 3 2 N AUS A-780882 02/05/2026 0.00 Children Books  

© Delhi Public Library
Hit Counter
free hit counter